Материалы наблюдений на озерах и водохранилищах (Запись № 2728470)

Подробности
000 -МАРКЕР
контрольное поле 02392nas1a22003491i 4500
001 - ИДЕНТИФИКАТОР ЗАПИСИ
контрольное поле RU\NLR\INFOCOMM31\1000053526
005 - ИДЕНТИФИКАТОР ВЕРСИИ
контрольное поле 20240726051254.0
035 ## - ДРУГИЕ СИСТЕМНЫЕ НОМЕРА
Идентификатор записи (NLR Aleph) 002516803
100 ## - ДАННЫЕ ОБЩЕЙ ОБРАБОТКИ
Данные общей обработки 20040429c1974 |||y0rusy50 ca
101 0# - ЯЗЫК РЕСУРСА
Язык текста, звукозаписи и т.д. русский
102 ## - СТРАНА ПУБЛИКАЦИИ ИЛИ ПРОИЗВОДСТВА
Страна публикации Российская Федерация
110 ## - ПОЛЕ КОДИРОВАННЫХ ДАННЫХ: ПРОДОЛЖАЮЩИЕСЯ РЕСУРСЫ
Кодированные данные продолжающегося ресурса zyu||||0|y0
200 1# - ЗАГЛАВИЕ И СВЕДЕНИЯ ОБ ОТВЕТСТВЕННОСТИ
Основное заглавие Материалы наблюдений на озерах и водохранилищах
Сведения, относящиеся к заглавию Доп. к Гидрол. ежегоднику
Обозначение и номер части Т.6
-- Вып.0-3
Наименование части Бассейн Карского моря
-- Бассейн р. Обь выше г. Новосибирска
Первые сведения об ответственности Гл. упр. гидрометеорол. службы при Совете Министров СССР. Сев.-Зап. упр. гидрометеорол. службы
210 ## - ПУБЛИКАЦИЯ, РАСПРОСТРАНЕНИЕ И ДР.
Место издания, распространения и т.д. Новосибирск
Дата издания, распространения и т.д. 1974-
309 ## - ПРИМЕЧАНИЯ ОБ ОСНОВНОМ ИСТОЧНИКЕ ИНФОРМАЦИИ И ОБ ОСОБЕННОСТЯХ ПОЛИГРАФИЧЕСКОГО ОФОРМЛЕНИЯ ИЗДАНИЯ
Текст примечания Отпеч. множит. аппаратом
311 ## - ПРИМЕЧАНИЯ, ОТНОСЯЩИЕСЯ К ПОЛЯМ СВЯЗИ (ПРИМЕЧАНИЯ О СВЯЗИ С ДРУГИМИ ПРОИЗВЕДЕНИЯМИ (ИЗДАНИЯМИ))
Текст примечания Образовалось в результате разделения изд. "Материалы наблюдений на озерах и водохранилищах. Доп. к Гидрол. ежегоднику. Т.6, вып.0/9" (Ш.: П8/803)
422 #1 - ИЗДАНИЕ, К КОТОРОМУ ОТНОСИТСЯ ПРИЛОЖЕНИЕ
Встроенное поле 2001#$aГидрологический ежегодник
Заглавие Гидрологический ежегодник
431 #1 - ПРОДОЛЖЕН ЧАСТИЧНО
Встроенное поле 2001#$aМатериалы наблюдений на озерах и водохранилищах$eДоп. к Гидрол. ежегоднику. Т.6, вып.0/9
-- 852##$aNLR$jП8/803
Заглавие Материалы наблюдений на озерах и водохранилищах
712 02 - НАИМЕНОВАНИЕ ОРГАНИЗАЦИИ - ВТОРИЧНАЯ ОТВЕТСТВЕННОСТЬ
Начальный элемент ввода Западно-Сибирское управление гидрометеорологической службы
Код отношения Прочие
801 #1 - ИСТОЧНИК ЗАПИСИ
Страна Российская Федерация
Организация InfoComm
Дата составления 20040429
801 #0 - ИСТОЧНИК ЗАПИСИ
Страна Российская Федерация
Организация NLR
Правила каталогизации PSBO
852 ## - МЕСТОНАХОЖДЕНИЕ И ШИФР ХРАНЕНИЯ
Идентификатор организации NLR
Шифр хранения (Call Number) П8/1114
942 ## - ДОПОЛНИТЕЛЬНЫЕ ЭЛЕМЕНТЫ ЗАПИСИ (АБИС)
Тип экземпляра АБИС Продолжающееся издание
980 ## - КОЛЛЕКЦИЯ
Название коллекции Русская периодика

Нет доступных экземпляров.